| 000 | 00545nam a2200193 a 4500 | ||
|---|---|---|---|
| 001 | 3754777 | ||
| 003 | OSt | ||
| 005 | 20131120090054.0 | ||
| 008 | 830621s1981 cr h b 000 0 spa | ||
| 010 | _a 82118720 | ||
| 040 |
_aDLC _cBMC |
||
| 082 | _a972.85053 | ||
| 100 | 1 |
_99350 _aSuñol, Julio |
|
| 245 | 1 | 0 |
_aInsurrección en Nicaragua _b: la historia no contada _cJulio Suñol |
| 260 |
_aSan José _bEditorial Costa Rica _c1981 |
||
| 300 |
_a237 p. _c21 cm |
||
| 651 | 4 |
_aNicaragua _xHistoria _y1979 (Revolución) _99344 |
|
| 942 |
_2ddc _cBK |
||
| 999 |
_c4243 _d4243 |
||